Relationship marketing : (Record no. 152930)

MARC details
000 -LEADER
fixed length control field 00643nam a22002177a 4500
005 - DATE AND TIME OF LATEST TRANSACTION
control field 20210824153815.0
008 - FIXED-LENGTH DATA ELEMENTS--GENERAL INFORMATION
fixed length control field 180621b xxu||||| |||| 00| 0 eng d
010 ## - LCCN (DPL NO)
LC control number B-147372
020 ## - INTERNATIONAL STANDARD BOOK NUMBER
International Standard Book Number 0070583374
Terms of availability 225.00
035 ## - SYSTEM CONTROL NUMBER
System control number B-147372
037 ## - SOURCE OF ACQUISITION
Source of stock number/acquisition BPPD/PUB
040 ## - CATALOGING SOURCE
Original cataloging agency dpl
Language of cataloging English
082 ## - DEWEY DECIMAL CLASSIFICATION NUMBER
Classification number 658.8
100 ## - MAIN ENTRY--PERSONAL NAME
Personal name Shajahan, S.
245 ## - TITLE STATEMENT
Title Relationship marketing :
Statement of responsibility, etc by S. Shajahan
Remainder of title Taxt and cases /
260 ## - PUBLICATION, DISTRIBUTION, ETC. (IMPRINT)
Place of publication, distribution, etc New Delhi
Name of publisher, distributor, etc Tata McGraw-Hill
Date of publication, distribution, etc 2004
270 ## - ADDRESS
Address 7 West Patel Nagar,
City New Delhi
Postal code 110008
300 ## - PHYSICAL DESCRIPTION
Extent xviii, 310 p.
Dimensions 24cm(pbk)
500 ## - GENERAL NOTE
General note Includes index
942 ## - ADDED ENTRY ELEMENTS (KOHA)
Source of classification or shelving scheme Dewey Decimal Classification
Item type English Books
Call number suffix SHA
Classification part 658.8
Holdings
Withdrawn status Lost status Source of classification or shelving scheme Damaged status Not for loan Collection code Home library Current library Date acquired Source of acquisition Cost, normal purchase price Total Checkouts Total Renewals Full call number Barcode Date last seen Cost, replacement price Koha item type Public note
  Lost and Paid For Dewey Decimal Classification     Non-fiction Shahdara Branch Shahdara Branch 21/06/2018 BPPD/PUB 225.00 1 1 658.8 SHA B-147372 24/08/2021 225.00 English Books Book Cost Received vide R. No. 04/028

© Delhi Public Library
Hit Counter
free hit counter